| 000 | 00843nam a2200193Ii 4500 | ||
|---|---|---|---|
| 003 | JO-AjNU | ||
| 008 | 230605s9999||||xx |||||||||||||| ||und|| | ||
| 040 |
_aJO-AjNU _bara _erda _cJO-AjNU |
||
| 041 | _aara | ||
| 050 | 1 | 4 | _aHF1411.D846.2007 |
| 100 | 3 |
_aدويدار،محمد, _eauthor _933926 |
|
| 245 | 0 | 0 | _aمبادئ الإقتصاد السياسي : الاقتصاد النقدي :التعريف بالنقود تاريخيا ونظريا-النظام النقدي-المؤسسات النقدية-النقود ونظريات اداء الاقتصاد الرأسمالي |
| 264 | 3 | 1 | _aالاسكندرية:الدار الجامعية الجديدة؛2007 |
| 300 | _a429ص | ||
| 336 |
_atext _btxt _2rdacontent |
||
| 337 |
_aunmediated _bn _2rdamedia |
||
| 338 |
_avolume _bnc _2rdacarrier |
||
| 650 | 4 |
_aاقتصاد-النقود _933927 |
|
| 999 |
_aA13857 _c17425 _d17425 |
||